An American primer : (Record no. 27909)
[ view plain ]
| 000 -LEADER | |
|---|---|
| fixed length control field | 00983nam a2200265 i 4500 |
| 001 - CONTROL NUMBER | |
| control field | 27909 |
| 003 - CONTROL NUMBER IDENTIFIER | |
| rucl marc code | BD-RjUL |
| 005 - DATE AND TIME OF LATEST TRANSACTION | |
| control field | 20211209051221.0 |
| 008 - FIXED-LENGTH DATA ELEMENTS--GENERAL INFORMATION | |
| fixed length control field | 140329r19701904pauaf 000 e eng |
| 035 ## - SYSTEM CONTROL NUMBER | |
| System control number | (BD-RjUL)27990 |
| 040 ## - CATALOGING SOURCE | |
| Original cataloging agency | DLC |
| Transcribing agency | DLC |
| Modifying agency | DLC |
| -- | BD-RjUL |
| Language of cataloging | eng |
| 041 ## - LANGUAGE CODE | |
| Language code of text/sound track or separate title | eng |
| 082 00 - DEWEY DECIMAL CLASSIFICATION NUMBER | |
| Classification number | 814.3 |
| Author mark and year | WHA 1970 |
| 100 1# - MAIN ENTRY--PERSONAL NAME | |
| Personal name | Whitman, Walt, |
| Dates associated with a name | 1819-1892. |
| 9 (RLIN) | 85593 |
| 245 13 - TITLE STATEMENT | |
| Title | An American primer : |
| Remainder of title | with facsimiles of the original manuscript / |
| Statement of responsibility, etc. | Walt Whitman ; edited by Horace Traubel. |
| 260 ## - PUBLICATION, DISTRIBUTION, ETC. (IMPRINT) | |
| Place of publication, distribution, etc. | Folcroft, Pa. : |
| Name of publisher, distributor, etc. | Folcroft Library Editions, |
| Date of publication, distribution, etc. | c1904 [Reprinted 1970]. |
| 300 ## - PHYSICAL DESCRIPTION | |
| Pagination | ix, 35 p., [4] leaves of plates : |
| Illustrations | ill. ; |
| Size | 23 cm. |
| 600 10 - SUBJECT ADDED ENTRY--PERSONAL NAME | |
| Personal name | Whitman, Walt, |
| Dates associated with a name | 1819-1892 |
| General subdivision | Manuscripts |
| -- | Facsimiles. |
| Personal name | Whitman, Walt, |
| Dates associated with a name | 1819-1892 |
| General subdivision | Knowledge |
| -- | Language and languages. |
| 650 #0 - SUBJECT ADDED ENTRY--TOPICAL TERM | |
| Topical term or geographic name as entry element | English language |
| Geographic subdivision | United States. |
| 9 (RLIN) | 85596 |
| Topical term or geographic name as entry element | Manuscripts, American |
| General subdivision | Facsimiles. |
| 9 (RLIN) | 51815 |
| 942 ## - ADDED ENTRY ELEMENTS (KOHA) | |
| Source of classification or shelving scheme | Dewey Decimal Classification |
| Koha item type | Books |
| Lost status | Source of classification or shelving scheme | Damaged status | Not for loan | Collection code | Permanent Location | Current Location | Shelving location | Date acquired | Source of acquisition | Total Checkouts | Full call number | Date last seen | Copy number | Koha item type |
|---|---|---|---|---|---|---|---|---|---|---|---|---|---|---|
| Dewey Decimal Classification | Added to bundle | Non-fiction | Central Library, University of Rajshahi | Central Library, University of Rajshahi | Reading Room | 25/02/1985 | Asia foundation | 814.3 WHA 1970 | 29/03/2014 | C-1 | Books |